Pattern classification / (Record no. 188680)

MARC details
000 -LEADER
fixed length control field 00737nam a2200229Ia 4500
005 - DATE AND TIME OF LATEST TRANSACTION
control field 20220615152357.0
008 - FIXED-LENGTH DATA ELEMENTS--GENERAL INFORMATION
fixed length control field 210716s2007 xx 000 0 und d
020 ## - INTERNATIONAL STANDARD BOOK NUMBER
International Standard Book Number 9788126511167
040 ## - CATALOGING SOURCE
Transcribing agency AIMIT LIBRARY
041 ## - LANGUAGE CODE
Language code of text/sound track or separate title eng
082 ## - DEWEY DECIMAL CLASSIFICATION NUMBER
Classification number 006.4
Edition number 2
Item number DUDR
100 ## - MAIN ENTRY--PERSONAL NAME
Personal name Duda, Richard O.
9 (RLIN) 42841
245 ## - TITLE STATEMENT
Title Pattern classification /
Statement of responsibility, etc. By Richard O. Duda, Peter E. Hart and David G. Stork.
250 ## - EDITION STATEMENT
Edition statement 2nd ed.
260 ## - PUBLICATION, DISTRIBUTION, ETC.
Place of publication, distribution, etc. New Delhi :
Name of publisher, distributor, etc. Wiley India Pvt Ltd ,
Date of publication, distribution, etc. 2006.
300 ## - PHYSICAL DESCRIPTION
Extent xx,654p. ;
Other physical details PB
Dimensions 23.5 cm
650 ## - SUBJECT ADDED ENTRY--TOPICAL TERM
Topical term or geographic name entry element Progg For Specific Types Of Computer.
9 (RLIN) 42842
650 ## - SUBJECT ADDED ENTRY--TOPICAL TERM
Topical term or geographic name entry element Bayesian Decision Theory.
9 (RLIN) 42843
700 ## - ADDED ENTRY--PERSONAL NAME
Personal name Hart, Peter E;
9 (RLIN) 42844
700 ## - ADDED ENTRY--PERSONAL NAME
Personal name Stork David G.
9 (RLIN) 42845
942 ## - ADDED ENTRY ELEMENTS (KOHA)
Source of classification or shelving scheme Dewey Decimal Classification
Koha item type Book
Edition 2nd
Call number prefix 006.4 DUDR
Holdings
Withdrawn status Lost status Source of classification or shelving scheme Damaged status Not for loan Collection code Home library Current library Source of acquisition Cost, normal purchase price Inventory number Total Checkouts Full call number Barcode Date last seen Cost, replacement price Price effective from Koha item type
    Dewey Decimal Classification   Reference Book MCA St Aloysius Institute of Management & Information Technology St Aloysius Institute of Management & Information Technology Athulya Books 479.00 Bill no:210; Bill dt:2008-07-28   006.4 DUDR MCA08188 07/21/2025 373.62 07/16/2021 Book
    Dewey Decimal Classification     MCA St Aloysius Institute of Management & Information Technology St Aloysius Institute of Management & Information Technology Athulya Books 479.00 Bill no:210; Bill dt:2008-07-28   006.4 DUDR MCA08189 05/23/2026 373.62 07/16/2021 Book
    Dewey Decimal Classification     MCA St Aloysius Institute of Management & Information Technology St Aloysius Institute of Management & Information Technology Athulya Books 479.00 Bill no:210; Bill dt:2008-07-28   006.4 DUDR MCA08190 05/23/2026 373.62 07/16/2021 Book
    Dewey Decimal Classification     MCA St Aloysius Institute of Management & Information Technology St Aloysius Institute of Management & Information Technology Higginbothams Pvt Ltd 489.00 Bill no:9525; Bill dt:2009-06-25   006.4 DUDR MCA09090 05/23/2026 366.75 07/16/2021 Book
    Dewey Decimal Classification     MCA St Aloysius Institute of Management & Information Technology St Aloysius Institute of Management & Information Technology Athulya Books 499.00 Bill no:505; Bill dt:2010-09-16   006.4 DUDR MCA10429 05/23/2026 374.25 07/16/2021 Book
    Dewey Decimal Classification     MCA St Aloysius Institute of Management & Information Technology St Aloysius Institute of Management & Information Technology Higginbothams Pvt Ltd 569.00 Bill no:540; Bill dt:2013-04-03   006.4 DUDR MCA12773 05/23/2026 569.00 07/16/2021 Book